[Event "Cali Region-ch"]
[Site "Cali"]
[Date "2016.03.13"]
[Round "7"]
[White "Palechor, Andres Fernando"]
[Black "Ossa, Orlando Jose"]
[Result "0-1"]
[WhiteElo "1869"]
[BlackElo "2251"]
[PlyCount "102"]
[EventDate "2016.03.11"]
[EventType "swiss"]
[EventRounds "7"]
[EventCountry "COL"]
[SourceTitle "CBM 171 Extra"]
[Source "ChessBase"]
[SourceDate "2016.04.26"]
[SourceVersion "1"]
[SourceVersionDate "2016.04.26"]
[SourceQuality "1"]

1. e4 e5 2. Nf3 Nc6 3. Bb5 f5 4. d3 Nf6 5. Nc3 Bc5 6. Bg5 0-0 7. 0-0 d6 8. Nd5 Kh8 9. Qd2 f4 10. c3 Ne7 11. Bxf6 gxf6 12. Nxe7 Qxe7 13. d4 Bb6 14. h3 Rg8 15. Kh2 Qg7 16. Rg1 Qh6 17. Be2 Rxg2+ 18. Rxg2 Bxh3 19. Rg3 fxg3+ 20. fxg3 Qxd2 21. Nxd2 Be6 22. d5 Bd7 23. Nc4 f5 24. Nxb6 axb6 25. Bd3 fxe4 26. Bxe4 Kg7 27. a3 Rf8 28. Kg2 h5 29. Rh1 Bg4 30. b3 Kh6 31. c4 Kg5 32. a4 Bf5 33. Rh4 Bd7 34. Bf3 Be8 35. Be4 c6 36. Bf3 Rf6 37. Re4 Rh6 38. Rh4 c5 39. Be4 Bd7 40. Bf3 Bf5 41. Rh1 h4 42. gxh4+ Rxh4 43. Ra1 Kf4 44. a5 bxa5 45. Rxa5 e4 46. Bd1 e3 47. Rb5 Be4+ 48. Kf1 Rh1+ 49. Ke2 Rh2+ 50. Kf1 e2+ 51. Bxe2 Ke3 0-1

[Event "Cali Region-ch"]
[Site "Cali"]
[Date "2016.03.12"]
[Round "4"]
[White "Rosero, Jefferson"]
[Black "Palechor, Andres Fernando"]
[Result "1-0"]
[WhiteElo "2120"]
[BlackElo "1869"]
[PlyCount "33"]
[EventDate "2016.03.11"]
[EventType "swiss"]
[EventRounds "7"]
[EventCountry "COL"]
[SourceTitle "CBM 171 Extra"]
[Source "ChessBase"]
[SourceDate "2016.04.26"]
[SourceVersion "1"]
[SourceVersionDate "2016.04.26"]
[SourceQuality "1"]

1. e4 e6 2. Qe2 c5 3. g3 d5 4. exd5 Qxd5 5. Nf3 Nc6 6. c3 Nf6 7. Bg2 Be7 8. 0-0 Qd7 9. Rd1 0-0 10. d4 cxd4 11. Nxd4 Rd8 12. Bf3 Nxd4 13. Rxd4 Qc7 14. Bf4 Bd6 15. Qd2 Ne8 16. Na3 Bxf4 17. Rxd8 1-0